Οι Διεθνείς Οργανισμοί του ευρύτερου ευρωπαϊκού χώρου

Αποθηκεύτηκε σε:
Λεπτομέρειες βιβλιογραφικής εγγραφής
Άλλοι συγγραφείς: Μαγκλιβέρας, Κωνσταντίνος Δ., 1963- (Επιμελητής έκδοσης)
Μορφή: Βιβλίο
Γλώσσα:Greek
Δημοσίευση: Ζεφύρι Αττικής : Διάδραση, c2011.
Σειρά:Κείμενα παιδείας (Ατραπός)
Θέματα:
Ετικέτες: Προσθήκη ετικέτας
Δεν υπάρχουν, Καταχωρήστε ετικέτα πρώτοι!

MARC

LEADER 00000cam a2200000 i 4500
001 1/29576
008 130516s2011 gr | ||| |||| ||gre||
020 |a 9789609541190 
020 |a 9789609541008 
035 |l 10114403 
040 |a GR-MY-UA  |b gre  |e aacr 
041 0 |a gre 
082 0 |a 341.2  |2 (22) 
245 1 3 |a Οι Διεθνείς Οργανισμοί του ευρύτερου ευρωπαϊκού χώρου /   |c επιμέλεια, πρόλογος: Κωνσταντίνος Μαγκλιβέρας. 
260 |a Ζεφύρι Αττικής :   |b Διάδραση,   |c c2011. 
300 |a 433 σ. ;   |c 24 εκ. 
490 1 |a (Κείμενα παιδείας / Ατραπός)  
500 |a Περιέχει συνόψεις στα αγγλικά, γαλλικά, ρωσικά, γερμανικά και τουρκικά. 
504 |a Περιέχει βιβλιογραφικές παραπομπές. 
610 2 0 |a Black Sea Economic Cooperation (Organization) 
610 2 0 |a Organisation for Economic Co-operation and Development. 
650 0 0 |a International organization. 
650 0 0 |a International agencies. 
700 1 |a Μαγκλιβέρας, Κωνσταντίνος Δ.,   |d 1963-  |e edt 
830 0 |a Κείμενα παιδείας (Ατραπός) 
852 |a INST  |b RHODES  |e 20140415  |h 341.2 ΔΙΕ  |p 005400036403  |q 005400036403  |t BK  |y 0 
852 |a INST  |b RHODES  |c EUDOXUS  |e 20130516  |h 341.2 ΔΙΕ  |p 005400035196  |q 005400035196  |t EDX  |y 0 
852 |a INST  |b RHODES  |c EUDOXUS  |e 20131217  |h 341.2 ΔΙΕ  |p 005400035932  |q 005400035932  |t EDX  |y 0 
901 |a BIBL4-2013-2 
901 |a BIBL4-2013-3 
901 |a BIBL4-2014-1 
909 |a Ρ  |b 176725 
909 |a Ρ  |b 182440 
909 |a Ρ  |b 182907 
920 |a ΕΥΔΟΞΟΣ  |b ΠΑΡΑΓΓΕΛΙΑ  |y Ρόδος-ΤΜΣ  |z 2013-05 
920 |a ΕΥΔΟΞΟΣ  |b ΠΑΡΑΓΓΕΛΙΑ  |y Ρόδος-ΤΜΣ  |z 2013-12 
970 |z 2013/05/16